Direito Internacional do Trabalho e Convenções Internacionais da OIT comentadas (Registro nro. 163281)
[ vista simple ]
| 000 -LEADER | |
|---|---|
| fixed length control field | 01209nam a22002537a 4500 |
| 007 - PHYSICAL DESCRIPTION FIXED FIELD--GENERAL INFORMATION | |
| fixed length control field | cr|||| |||| |
| 008 - FIXED-LENGTH DATA ELEMENTS--GENERAL INFORMATION | |
| fixed length control field | 140522s2014 br |||||s|||| 00||0 por d |
| 020 ## - INTERNATIONAL STANDARD BOOK NUMBER | |
| International Standard Book Number | 978-85-361-2845-0 |
| 035 ## - | |
| -- | 12131 |
| 040 ## - CATALOGING SOURCE | |
| Original cataloging agency | vLex |
| 090 ## - | |
| -- | 4933 |
| -- | 4933 |
| 100 1# - MAIN ENTRY--PERSONAL NAME | |
| Personal name | Zanotelli de Alvarenga, Rúbia |
| 245 10 - TITLE STATEMENT | |
| Title | Direito Internacional do Trabalho e Convenções Internacionais da OIT comentadas |
| Medium | [Recurso electrónico] / |
| Statement of responsibility, etc | Rúbia Zanotelli de Alvarenga, Lorena de Mello Rezende Colnago |
| 256 ## - | |
| -- | Servicio en línea |
| 260 ## - PUBLICATION, DISTRIBUTION, ETC. (IMPRINT) | |
| Place of publication, distribution, etc | San Pablo: |
| Name of publisher, distributor, etc | LTR Editora, |
| Date of publication, distribution, etc | 2014 |
| 300 ## - PHYSICAL DESCRIPTION | |
| Extent | 1 recurso electrónico |
| 506 1# - RESTRICTIONS ON ACCESS NOTE | |
| Terms governing access | Disponible solo en los productos indicados |
| Authorized users | vLex Global |
| -- | vLex Global (Academic Edition, excluding Law Schools) |
| -- | vLex Global (U.S. Academic Edition, Law Schools) |
| -- | vLex Global (U.S. Academic Edition, excluding Law Schools) |
| -- | vLex Global (Academic Edition, Law Schools) |
| 650 04 - SUBJECT ADDED ENTRY--TOPICAL TERM | |
| Topical term or geographic name as entry element | Derecho Laboral y Seguridad Social |
| Geographic subdivision | Brasil |
| 700 1# - ADDED ENTRY--PERSONAL NAME | |
| Personal name | de Mello Rezende Colnago, Lorena |
| 740 0# - | |
| -- | vLex Libros (Servicio en línea) |
| 856 40 - LOCALIZACIÓN Y ACCESO ELECTRÓNICO | |
| Identificador Uniforme del Recurso (URI/URL) | https://app.vlex.com/#/sources/direito-internacional-trabalho-conven-es-internacionais-oit-comentadas-12131 |
| 942 ## - | |
| -- | RAA |
| 999 ## - | |
| -- | 163281 |
| -- | 163281 |
No hay ítems disponibles.